000 00967nam a2200241Ia 4500
001 9848
003 GE_BSU
008 181216s||||||||xx |||||||||||||| ||und||
020 _a9994039830
040 _cGE_BSU
080 _a821.353.1–1+821.353.1-32
100 _aმიწიშვილი,ნიკოლო
245 _aწმინდანიანი.ლექსებისა და მინიატურების კრებული
245 _cშემდგ.მანანა ჩიტიშვილი.საგამომც.პროექტის ავტ.კახმეგ კუდავა
260 _aთბილისი
260 _bინტელექტი
260 _c2006
300 _a140გვ.20სმ.
541 _h5ლ.70თ.
653 _aლექსებისა და მინიატურების კრებული
653 _aწმინდანიანი
942 _cBK
999 _c43127
_d43127